000 01577nam a22003614a 4500
001 vtls003194747
003 MY-SjTCS
005 20200306171002.0
006 m u
007 cr cn|||||||||
008 100712s2005 ne sb 001 0 eng
010 _z 2004-057557
020 _z9004138935 (hard : alk. paper)
035 _a(CaPaEBR)ebr10175347
039 9 _y201007121652
_zVLOAD
040 _aCaPaEBR
_cCaPaEBR
050 1 4 _aBT83.85
_b.K66 2005eb
082 0 4 _a261.2/092
_222
100 1 _aKomulainen, Jyri.
_9294968
245 1 3 _aAn emerging cosmotheandric religion?
_h[electronic resource] :
_bRaimon Panikkar's pluralistic theology of religions /
_cby Jyri Komulainen.
260 _aLeiden ;
_aBoston, Mass. :
_bBrill,
_c2005.
300 _aix, 234 p. ;
_c25 cm.
490 1 _aStudies in Christian mission,
_x0924-9389 ;
_vv. 30
504 _aIncludes bibliographical references (p. [215]-230) and index.
529 _aTSLHHL
533 _aElectronic reproduction.
_bPalo Alto, Calif. :
_cebrary,
_d2009.
_nAvailable via World Wide Web.
_nAccess may be limited to ebrary affiliated libraries.
600 1 0 _aPanikkar, Raimundo,
_d1918-
_9294969
650 0 _aTheology of religions (Christian theology)
_9294970
655 7 _aElectronic books.
_2local
_9201578
710 2 _aebrary, Inc.
_925628
830 0 _aStudies in Christian mission
_x0924-9389 ;
_vv. 30.
_9294971
856 4 0 _uhttps://ezproxy.taylors.edu.my/login?url=http://site.ebrary.com/lib/taylorscollege/Doc?id=10175347
_zAn electronic book accessible through the World Wide Web; click to view
999 _c66466